Väkirikkaimmat valtiot vuosittain - Statistics

Yleistilastot
  • Tätä visaa on pelattu 874 kertaa
  • Keskiarvotulos 21 / 30
Vastaustilastot
Vuosi Valtio % Oikein
1500, 1800, 1900, 1950, 2000, 2050 Kiina
100%
1950, 2000, 2050 Intia
99%
1800 Marathivaltakunta
99%
1900, 1950, 2000, 2050 Yhdysvallat
99%
2000 Venäjä
95%
1800, 1900 Venäjän keisarikunta
95%
1950, 2000, 2050 Brasilia
92%
1500 Ranska
92%
1500, 1800, 1900, 1950 Ranskan imperiumi
92%
1900 Saksa
92%
1500, 1800, 1900, 1950, 2000 Japani
91%
1800, 1900, 1950 Brittiläinen imperiumi
89%
1950, 2000, 2050 Indonesia
88%
2000, 2050 Nigeria
84%
1500, 1800 Espanjan imperiumi
82%
1950, 2000, 2050 Pakistan
81%
1900 Italia
79%
2000, 2050 Bangladesh
75%
1950 Neuvostoliitto
65%
2050 Etiopia
59%
2050 Filippiinit
56%
1900 Alankomaiden imperiumi
50%
1500 Puola-Liettua
46%
1800 Habsburgien valta­kunta
45%
1900 Itävalta-Unkari
45%
1500, 1800 Osmanien valtakunta
43%
1500 Unkari ja Kroatia
23%
1500 Inkavaltakunta
14%
1500 Asteekkivaltakunta
10%
1500, 1800 Pyhä saksalais- roomalainen keisarikunta
8%
Ehtoja vastaavia visoja ei löytynyt
Tulosjakauma
Jokaisen tuloksen saaneiden osuus
Persentiili vastausten määrän mukaan
Tuloshistoriasi
Et ole pelannut tätä visaa